000 00546nam a2200229Ia 4500
005 20241216010506.0
008 180423s9999||||xx |||||||||||||| ||und||
020 _a0-07-037062-1
082 _a550
_bL39
100 _aLEGGET, ROBERT F.
245 0 _aCITIES AND GEOLOGY
250 _a0
260 _aCANADA
_bMCGARW HILL S. A.
_c1973
300 _a624 pag
_c23 cm
341 _h0
490 _v0
_a0
505 _aTABLE OF METRIC EQUIVALENTS
541 _d01-Feb-00
650 _aCIENCIAS PURAS
856 _zCC. Puras
942 _cLIBRO
999 _c15920
_d15920